| 000 | 00919nam0a22002651 4500 | ||
|---|---|---|---|
| 001 | rc\4898620 | ||
| 005 | 20250612202515.0 | ||
| 035 | _a(NLR Aleph) 008832852 | ||
| 090 |
_a8293516 _c8293516 |
||
| 100 | _a20130426d1968 |||y0rusy50 ca | ||
| 101 | 0 | _arus | |
| 102 | _aRU | ||
| 105 | _ay z ||||| | ||
| 200 | 1 | _aОптимизация термодинамических параметров турбореактивных двухконтурных двигателей (ТРДД) | |
| 210 |
_a[Москва] _cБ. и. _d1968 |
||
| 215 |
_a8 с. _cграф. _d29 |
||
| 225 | 1 |
_aЦИАМ. Труды _v№ 454 |
|
| 320 | _aБиблиогр.: с. 8 | ||
| 333 | _aОгранич. пользования | ||
| 700 | 1 |
_aХолщевников _bК.В. _f1906-1971 _gКонстантин Васильевич |
|
| 801 | 0 |
_aRU _bNLR _gpsbo |
|
| 801 | 1 |
_aRU _bELAR _2rusmarc |
|
| 852 |
_aNLR _jП11/670 |
||
| 942 | _cBOOK | ||
| 980 | _aNB | ||